1001 tipů a triků pro Microsoft Office 2000 efektivní postupy, užitečné rady a skryté možnosti programů Word, Excel, Outlook access

Guardado en:
Detalles Bibliográficos
Autor principal: Magera, Ivo
Otros Autores: Šimek, Tomáš
Formato: Libro
Lenguaje:checo
Publicado: Praha Computer Press 2001
Materias:
Etiquetas: Agregar Etiqueta
Sin Etiquetas, Sea el primero en etiquetar este registro!

MARC

LEADER 00000nam a2200000 4500
001 c132667
005 20221124104233.8
020 |a 80-7226-464-8 
041 0 |a cze 
044 |a CZ 
245 1 0 |a 1001 tipů a triků pro Microsoft Office 2000  |b efektivní postupy, užitečné rady a skryté možnosti programů Word, Excel, Outlook access  |c Ivo Magera, Tomáš Šimek 
264 1 |a Praha  |b Computer Press  |c 2001 
300 |a 399 s. 
610 2 0 |a softvér 
100 1 |a Magera, Ivo 
700 1 |a Šimek, Tomáš